Estrela : uma visão natural = A natural approach (Registo nº 200142)
[ vista simples ]
| 000 -Etiqueta do registo | |
|---|---|
| Valores | 00693nam 22001933 4500 |
| 100 ## - Dados gerais de processamento | |
| Dados gerais | 20260123d u||y0pory50 ba |
| 200 ## - Titulo e menção de responsabilidade | |
| Título próprio | Estrela : uma visão natural = A natural approach |
| Primeira menção de responsabilidade | Texto e fotografias António Pena, José Cabral |
| Outras menções de responsabilidade | ilustração Rosário Pinto Bessa ; versão inglesa Carlota Lagoa |
| 210 ## - Publicação | |
| Local de publicação | Manteigas |
| Nome do editor | Parque Natural da Serra da Estrela |
| Data de publicação | [s.d.] |
| 215 ## - Descrição física | |
| Paginação / Volumes | [36] p. |
| Outras indicações físicas | il. ; brochado |
| Dimensões | 22 cm |
| 675 ## - CDU | |
| Notação | 502 |
| Edição | PT |
| Língua | por - eng |
| 700 ## - Autor principal (pessoa individual) | |
| ID Autoridade | 15956 |
| Apelido | Pena |
| Nome | António |
| 701 ## - Co-autor principal (pessoa individual) | |
| ID Autoridade | 15957 |
| Apelido | Cabral |
| Nome | José |
| 702 ## - Autor secundário (pessoa individual) | |
| ID Autoridade | 15959 |
| Apelido | Bessa |
| Nome | Rosário Pinto |
| 702 ## - Autor secundário (pessoa individual) | |
| ID Autoridade | 15960 |
| Apelido | Lagoa |
| Nome | Carlota |
| 801 ## - Fonte de origem | |
| País | PT |
| Agência | BMMN |
| Regras de catalogação | RPC |
| 830 ## - Notas gerais do catalogador | |
| Criado por | Vanda |
| 990 ## - Elementos KOHA | |
| Tipo de documento | Livro |
| Situação do levantamento | Biblioteca de origem | Código de barras | Cota | Permissão de empréstimo | Tipo de documento | Forma de aquisição |
|---|---|---|---|---|---|---|
| Biblioteca Municipal de Montemor-o-Novo | 29232 | 502 PEN|DEP | Livro | Oferta |